| 000 | 00529nam a2200181Ia 4500 | ||
|---|---|---|---|
| 999 |
_c1543 _d1543 |
||
| 020 | _a590a81-215-051-9 | ||
| 082 | _a491.43 GUR-; | ||
| 100 | _aGurtu, Madhu | ||
| 245 | 0 | _aAnaphoric relations in hindi and english | |
| 260 |
_aNew Delhi _bMunshiram Manoharlal Publishers _c1992 |
||
| 300 | _ax, 119p. | ||
| 504 | _aincludes bibliography and index | ||
| 650 | _aAnaphora (Linguistics) | ||
| 650 | _aCross-reference (Linguistics) | ||
| 650 | _aHindi language - Anaphora | ||
| 650 | _aEnglish language - Anaphora | ||
| 942 | _cBK | ||